Top 10 Greatest Footballers Ever - Statistics

General Stats
  • This quiz has been taken 144 times
  • The average score is 8 of 10
Answer Stats
Hint Answer % Correct
RW ARG Messi
98%
CF BRA Pele
98%
LW POR Ronaldo
98%
ST ARG Maradona
93%
ST FRA Zidane
89%
ST NED Cruyff
78%
CB GER Beckenbauer
75%
CM ESP Xavi
74%
CAM FRA Platini
51%
ST ESP Di Stefano
39%
No matching quizzes found
Score Distribution
Percent of People with Each Score
Percentile by Number Answered
Your Score History
You have not taken this quiz